Modern Office Management (Record no. 88567)

MARC details
000 -LEADER
fixed length control field 00507nam a2200193Ia 4500
008 - FIXED-LENGTH DATA ELEMENTS--GENERAL INFORMATION
fixed length control field 230125s9999 xx 000 0 und d
041 ## - LANGUAGE CODE
Language code of text/sound track or separate title eng
082 ## - DEWEY DECIMAL CLASSIFICATION NUMBER
Classification number 651.3
Item number JAI CHH
100 ## - MAIN ENTRY--PERSONAL NAME
Personal name Chhabra T N
9 (RLIN) 110833
245 ## - TITLE STATEMENT
Title Modern Office Management
260 ## - PUBLICATION, DISTRIBUTION, ETC. (IMPRINT)
Date of publication, distribution, etc. 1997
Name of publisher, distributor, etc. Dhanpat Rai and sons
Place of publication, distribution, etc. New Delhi
300 ## - PHYSICAL DESCRIPTION
Extent 442p
500 ## - GENERAL NOTE
Keywords Office management
500 ## - GENERAL NOTE
Keywords Office Management
650 ## - SUBJECT ADDED ENTRY--TOPICAL TERM
Topical term or geographic name as entry element Management
700 ## - ADDED ENTRY--PERSONAL NAME
Personal name Chhabra T N & Jain S P
9 (RLIN) 111656
906 ## - LOCAL DATA ELEMENT F, LDF (RLIN)
b 9
Holdings
Withdrawn status Lost status Damaged status Not for loan Home library Current library Date acquired Vendor Cost, normal purchase price Bill number Full call number Barcode Date last seen Cost, replacement price Bill Date Koha item type Original Barcode
Withdrawn       Smt. Hiraben Nanavati Institute of Management & Research for Women Smt. Hiraben Nanavati Institute of Management & Research for Women 22/01/1997 Varma Book Distributor 60.00 11431 651.3 JAI/CHH B00088 HIMR-BK-88 25/01/2023 51.00 15/01/1997 Books B00088